La sociedad interconectada.
Guardat en:
| Autor principal: | |
|---|---|
| Altres autors: | , |
| Format: | Llibre |
| Publicat: |
Madrid, España:
Tecnos,
1980.
|
| Col·lecció: | Colección Hermes
|
| Matèries: | |
| Etiquetes: |
Afegir etiqueta
Sense etiquetes, Sigues el primer a etiquetar aquest registre!
|
MARC
| LEADER | 00000nam a22000007a 4500 | ||
|---|---|---|---|
| 003 | CL-VaPUC | ||
| 005 | 20230329153433.0 | ||
| 008 | 230124t1980 ||||| |||| 00| 0 eng d | ||
| 999 | |c 439950 |d 439948 | ||
| 020 | |a 84-309-0856-0 | ||
| 040 | |c Pontificia Universidad Católica de Valparaíso | ||
| 082 | 0 | 4 | |2 22 |a 303.483 MAR 1980 |
| 100 | 1 | |a Martin, James |e autor |9 880104 | |
| 245 | 1 | 3 | |a La sociedad interconectada. |
| 260 | |a Madrid, España: |b Tecnos, |c 1980. | ||
| 300 | |a 307 páginas. | ||
| 490 | 0 | |a Colección Hermes | |
| 500 | |a c.1 Donación Rectoria Diciembre 2022. | ||
| 583 | |c 20230124 |k Catalogador Asistente | ||
| 650 | 1 | |a Innovaciones tecnológicas |x Aspectos sociales |9 858710 | |
| 650 | 1 | |a Medios de comunicación social |x Computadores |9 880196 | |
| 650 | 1 | |a Computadores |x Aspectos sociales |9 880199 | |
| 650 | 1 | |a Sociología industrial |9 307184 | |
| 650 | 1 | |a Telecomunicaciones |x Aspectos sociales |9 880198 | |
| 700 | |a Ramos Losantos, María Rosa |e traducción |9 880105 | ||
| 700 | |a Ollero, Julio |e traducción |9 880106 | ||
| 942 | |2 ddc |c BK | ||
| 952 | |0 0 |1 0 |2 ddc |4 0 |6 303_483000000000000_MAR_1980 |7 0 |8 F |9 588714 |a BIBING |b BIBING |c GEN |d 2023-01-24 |e Donación |i 5656484 |o 303.483 MAR 1980 |p 5656484 |r 2025-01-20 |t 1 |w 2023-01-24 |y BK |k ING | ||